00714 a2200169 4500003000500000005001700005010001600022020001500038040000900053082001700062245007600079260005300155300003400208505024400242650003400486700002400520Nust20221212123241.0 a 00063703 a8178083019 cNust00a621.3821,WID00aWideband wireless digital communications /cAndreas F. Molisch, editor. aUpper Saddle River, NJ :bPrentice Hall,cc2001. axvi, 549 p. :bill. ;c25 cm. a Introduction to Wideband Systems (Page-1), Unequal zed Systems (Page-63), Equalization Techniques for Single Carrier untspread (Page-155), Orthogonal Frequency Division Multiplexing (Page-309), Code Division Multiple Access (Page-387).  0aTelecommunication Engineering1 aMolisch, Andreas F.